Comparative Animal physiology / (Record no. 75381)
[ view plain ]
| 000 -LEADER | |
|---|---|
| fixed length control field | 00816nam a2200265 a 4500 |
| 001 - CONTROL NUMBER | |
| control field | 75381 |
| 003 - CONTROL NUMBER IDENTIFIER | |
| rucl marc code | BD-RjUL |
| 005 - DATE AND TIME OF LATEST TRANSACTION | |
| control field | 20211209082659.0 |
| 008 - FIXED-LENGTH DATA ELEMENTS--GENERAL INFORMATION | |
| fixed length control field | 170415s1965 enka 001 0 eng d |
| 035 ## - SYSTEM CONTROL NUMBER | |
| System control number | (BD-RjUL)75599 |
| 040 ## - CATALOGING SOURCE | |
| Original cataloging agency | SOI |
| Transcribing agency | SOI |
| Modifying agency | EUX |
| -- | BD-RjUL |
| Language of cataloging | eng |
| 041 ## - LANGUAGE CODE | |
| Language code of text/sound track or separate title | eng |
| 082 ## - DEWEY DECIMAL CLASSIFICATION NUMBER | |
| Edition number | 23 |
| Classification number | 571.1 |
| Author mark and year | PRC 1965 |
| 100 ## - MAIN ENTRY--PERSONAL NAME | |
| Personal name | Prosser, C. Ladd |
| 9 (RLIN) | 229919 |
| 245 10 - TITLE STATEMENT | |
| Title | Comparative Animal physiology / |
| Statement of responsibility, etc. | C. Ladd Prosser and Frank A. Brown |
| 250 ## - EDITION STATEMENT | |
| Edition statement | Saunders' International Student edition |
| 260 ## - PUBLICATION, DISTRIBUTION, ETC. (IMPRINT) | |
| Place of publication, distribution, etc. | London : |
| Name of publisher, distributor, etc. | W.B. Saunders , |
| Date of publication, distribution, etc. | 1965 |
| 300 ## - PHYSICAL DESCRIPTION | |
| Pagination | ix , 688 p. : |
| Illustrations | ill. ; |
| Size | 26 cm |
| 490 0# - SERIES STATEMENT | |
| Series statement | Textbooks of animal biology |
| 500 ## - GENERAL NOTE | |
| General note | Includes Indexes |
| 650 #0 - SUBJECT ADDED ENTRY--TOPICAL TERM | |
| Topical term or geographic name as entry element | Physiology |
| 9 (RLIN) | 204885 |
| Form subdivision | Animal |
| 700 ## - ADDED ENTRY--PERSONAL NAME | |
| Personal name | Brown, Frank A. |
| 830 ## - SERIES ADDED ENTRY--UNIFORM TITLE | |
| Uniform title | Textbooks of animal biology |
| 942 ## - ADDED ENTRY ELEMENTS (KOHA) | |
| Source of classification or shelving scheme | Dewey Decimal Classification |
| Koha item type | Books |
| Lost status | Source of classification or shelving scheme | Damaged status | Not for loan | Collection code | Permanent Location | Current Location | Shelving location | Date acquired | Source of acquisition | Cost, normal purchase price | Total Checkouts | Full call number | Date last seen | Copy number | Koha item type |
|---|---|---|---|---|---|---|---|---|---|---|---|---|---|---|---|
| Dewey Decimal Classification | Not For Loan | Non-fiction | Central Library, University of Rajshahi | Central Library, University of Rajshahi | Reading Room | 18/08/1973 | warsi book centers | 70.20 | 571.1 PRC 1965 | 01/04/2019 | C-1 | Books |